000 00811cab a2200253 4500
001 WB3404-05
008 090401t1998 xxu||||| |||| 00| 0 eng d
035 _a(Sirsi) u83340
041 _aeng
245 _aLean production methods
260 _c1998
350 _a0
490 _aBuilding
_v263(4) 23 January 1998, 9(1)
520 _aGovernment`s construction industry taskforce is to recommend lean production principles and new methods of measuring project success in a bid to improve the industry`s efficiency.
650 _aBEST PRACTICE
650 _aCONSTRUCTION INDUSTRY TASKFORCE
650 _aCONSTRUCTION INDUSTRY
650 _aFRAMEWORK AGREEMENTS
650 _aLEAN PRODUCTION
650 _aQUALITY MEASUREMENT
690 _aBUILT ENVIRONMENT
942 _n0
948 _c27/01/1998
999 _c52631
_d52631